[Event "Warsaw YMCA Winter-B 237th"]
[Site "Warsaw"]
[Date "2021.01.26"]
[Round "2"]
[White "Prus, Marek"]
[Black "Leszczynski, Bartosz"]
[Result "0-1"]
[WhiteElo "1705"]
[BlackElo "1841"]
[PlyCount "34"]
[EventDate "2021.01.21"]
[EventType "tourn"]
[EventRounds "11"]
[EventCountry "POL"]
[SourceTitle "EXT 2022"]
[Source "ChessBase"]
[SourceDate "2021.10.06"]
[SourceVersion "1"]
[SourceVersionDate "2021.10.06"]
[SourceQuality "1"]

1. e4 c5 2. Nf3 g6 3. d4 cxd4 4. Nxd4 Nc6 5. Be3 Nf6 6. Nc3 Bg7 7. f3 0-0 8. Qd2 d5 9. Nxc6 bxc6 10. 0-0-0 Qa5 11. Kb1 Rb8 12. Nxd5 Rxb2+ 13. Kxb2 Nxe4+ 14. Bd4 Nxd2 15. Nxe7+ Kh8 16. Bxg7+ Kxg7 17. Nxc8 Rxc8 0-1

[Event "Warsaw YMCA Winter-B 225th"]
[Site "Warsaw"]
[Date "2020.02.27"]
[Round "9"]
[White "Kalejta, Arkadiusz"]
[Black "Prus, Marek"]
[Result "1-0"]
[WhiteElo "1774"]
[BlackElo "1672"]
[PlyCount "151"]
[EventDate "2020.01.09"]
[EventType "tourn"]
[EventRounds "13"]
[EventCountry "POL"]
[SourceTitle "CBM 195 Extra"]
[Source "ChessBase"]
[SourceDate "2020.05.31"]
[SourceVersion "1"]
[SourceVersionDate "2020.05.31"]
[SourceQuality "1"]

1. e4 e5 2. Nf3 Nc6 3. Bb5 Nge7 4. 0-0 g6 5. c3 Bg7 6. d4 exd4 7. cxd4 d5 8. exd5 Nxd5 9. Bg5 Qd6 10. Re1+ Be6 11. Nbd2 0-0 12. Ne4 Qb4 13. Bxc6 bxc6 14. Qc1 Rfe8 15. Bd2 Qb5 16. Ne5 Bf5 17. Nc5 Rad8 18. a4 Qb6 19. Ra3 Nb4 20. Nc4 Rxe1+ 21. Qxe1 Nc2 22. Qe7 Qb8 23. Rb3 Bf8 24. Qh4 Qc8 25. Ne4 Bxe4 26. Rh3 h5 27. Qxe4 Nxd4 28. Bc3 Bg7 29. Re3 Nf5 30. Re1 Nd6 31. Qxc6 Nxc4 32. Bxg7 Kxg7 33. Qxc4 Re8 34. Qc3+ Kg8 35. Rc1 Qe6 36. h3 Qb6 37. Qd2 a5 38. Qc2 Re7 39. b3 Qb4 40. Qc3 Qd6 41. Qxa5 Re5 42. Qa8+ Kg7 43. Qf3 Rc5 44. Rd1 Qe7 45. Qd3 Re5 46. Qd4 Kh7 47. Qd3 Re1+ 48. Kh2 Qe5+ 49. g3 h4 50. Rxe1 hxg3+ 51. fxg3 Qxe1 52. Qc2 Qa5 53. Kg2 Qd5+ 54. Kh2 Qa5 55. h4 c5 56. h5 Kh6 57. hxg6 fxg6 58. Kh3 g5 59. Qe2 Qb6 60. Qc4 Qf6 61. Qd3 Qe5 62. Qa6+ Kg7 63. Qb7+ Kg6 64. Qc6+ Kg7 65. Qd7+ Kg6 66. Qd3+ Kh6 67. a5 Qe1 68. Qd6+ Kg7 69. Qxc5 Qe6+ 70. Kg2 Qe2+ 71. Qf2 Qe4+ 72. Qf3 Qc2+ 73. Kh3 Qc8+ 74. Qg4 Qh8+ 75. Kg2 Kg6 76. Qe6+ 1-0

[Event "Warsaw YMCA Winter-B 225th"]
[Site "Warsaw"]
[Date "2020.02.20"]
[Round "8"]
[White "Prus, Marek"]
[Black "Dabrowski, Leszek"]
[Result "1-0"]
[WhiteElo "1672"]
[BlackElo "1598"]
[PlyCount "187"]
[EventDate "2020.01.09"]
[EventType "tourn"]
[EventRounds "13"]
[EventCountry "POL"]
[SourceTitle "CBM 195 Extra"]
[Source "ChessBase"]
[SourceDate "2020.05.31"]
[SourceVersion "1"]
[SourceVersionDate "2020.05.31"]
[SourceQuality "1"]

1. e4 e5 2. Nf3 Nc6 3. Bb5 a6 4. Ba4 Nf6 5. 0-0 Be7 6. d4 b5 7. Bb3 exd4 8. e5 Ne4 9. Re1 Nc5 10. Nxd4 Nxd4 11. Qxd4 Nxb3 12. axb3 0-0 13. Nc3 Bb7 14. Ne4 d6 15. exd6 Bxd6 16. Nxd6 Qxd6 17. Qxd6 cxd6 18. Bf4 Rfc8 19. Re7 Bd5 20. c3 Bxb3 21. Bxd6 Rd8 22. Rae1 Be6 23. Bc5 Rd2 24. b4 Rc2 25. f4 h6 26. Bd4 a5 27. f5 Bd5 28. f6 g6 29. Re8+ Rxe8 30. Rxe8+ Kh7 31. bxa5 Rxg2+ 32. Kf1 Rxh2 33. a6 b4 34. cxb4 Ra2 35. a7 h5 36. Re5 Bf3 37. Re3 Bc6 38. Re7 Bd5 39. Re5 Bf3 40. b5 h4 41. b6 h3 42. Re7 Bd5 43. Bg1 g5 44. Rxf7+ Kg6 45. b7 Bxb7 46. Rxb7 Kxf6 47. Bh2 Kf5 48. Rf7+ Ke4 49. Re7+ Kf3 50. Rf7+ Ke4 51. Bg1 g4 52. Rf8 h2 53. Bxh2 Rxa7 54. Rf4+ Kd3 55. Rxg4 Ra1+ 56. Kf2 Ra2+ 57. Kg3 Ra6 58. Bg1 Ra1 59. Bf2 Ra3 60. Kg2 Ra2 61. Kf1 Ra1+ 62. Be1 Ra8 63. Rg3+ Ke4 64. Ke2 Ra2+ 65. Bd2 Ra8 66. Rg4+ Kf5 67. Rb4 Re8+ 68. Be3 Re4 69. Rb8 Re6 70. Kf3 Kg6 71. Bd4 Kf7 72. Kf4 Re1 73. Be5 Rf1+ 74. Ke4 Re1+ 75. Kd5 Rd1+ 76. Bd4 Re1 77. Rh8 Rd1 78. Rh7+ Kg6 79. Rg7+ Kh6 80. Rg2 Kh5 81. Ke4 Rf1 82. Be5 Kh6 83. Bf4+ Kh7 84. Rg4 Rh1 85. Kf5 Rh5+ 86. Kf6 Rh3 87. Kf7 Rh1 88. Rg7+ Kh8 89. Rg8+ Kh7 90. Rg4 Rh3 91. Rg1 Rh5 92. Bg5 Rh3 93. Bf6 Rh5 94. Rg8 1-0

[Event "Warsaw YMCA Summer-A 187th"]
[Site "Warsaw"]
[Date "2017.08.10"]
[Round "10"]
[White "Koziol, Pawel"]
[Black "Prus, Marek"]
[Result "1-0"]
[WhiteElo "1951"]
[BlackElo "1667"]
[PlyCount "109"]
[EventDate "2017.07.04"]
[EventType "swiss"]
[EventRounds "10"]
[EventCountry "POL"]
[SourceTitle "EXT 2018"]
[Source "ChessBase"]
[SourceDate "2017.10.13"]
[SourceVersion "1"]
[SourceVersionDate "2017.10.13"]
[SourceQuality "1"]

1. e4 e5 2. Nf3 Nc6 3. Bc4 Bc5 4. c3 d6 5. d4 exd4 6. cxd4 Bb4+ 7. Bd2 Bxd2+ 8. Nbxd2 Nh6 9. 0-0 0-0 10. Re1 Kh8 11. Qc2 f5 12. e5 d5 13. Bb5 Ne7 14. Nb3 Ng6 15. Nc5 c6 16. Bf1 Nh4 17. Nxh4 Qxh4 18. Rad1 f4 19. e6 Ng4 20. h3 Nf6 21. f3 Re8 22. Qc1 g5 23. Qc2 Qh6 24. Re5 Ng8 25. Rde1 Ne7 26. Nd7 b6 27. Qa4 Bb7 28. Qa3 Qg7 29. Qd6 Rac8 30. Bd3 c5 31. Bb5 Red8 32. Rc1 Bc6 33. Ba6 Ra8 34. dxc5 Bxd7 35. exd7 Ng6 36. Rxd5 Qxb2 37. Re1 bxc5 38. Bc8 Rdxc8 39. dxc8Q+ Rxc8 40. Qd7 Qb8 41. Qe6 c4 42. Rd6 Rf8 43. Rc6 c3 44. Rxc3 Qb4 45. Qc4 Qb6+ 46. Qc5 Qf6 47. Rc4 Rf7 48. Ra4 Qb6 49. Qxb6 axb6 50. Rb4 Ra7 51. Re2 Nh4 52. Rxb6 Nf5 53. Reb2 h6 54. Rb8+ Kg7 55. R8b7+ 1-0

[Event "Warsaw YMCA Summer-A 187th"]
[Site "Warsaw"]
[Date "2017.07.26"]
[Round "5"]
[White "Celinski, Kamil"]
[Black "Prus, Marek"]
[Result "1-0"]
[WhiteElo "1879"]
[BlackElo "1667"]
[PlyCount "61"]
[EventDate "2017.07.04"]
[EventType "swiss"]
[EventRounds "10"]
[EventCountry "POL"]
[SourceTitle "EXT 2018"]
[Source "ChessBase"]
[SourceDate "2017.10.13"]
[SourceVersion "1"]
[SourceVersionDate "2017.10.13"]
[SourceQuality "1"]

1. e4 e5 2. Nf3 Nc6 3. c3 d5 4. Qa4 Bd7 5. exd5 Nd4 6. Qd1 Nxf3+ 7. Qxf3 Nf6 8. Bc4 Bd6 9. 0-0 0-0 10. d3 Bg4 11. Qg3 h6 12. Qh4 e4 13. dxe4 Re8 14. f3 Bd7 15. Be3 Re5 16. Bd4 Rh5 17. Bxf6 Rxh4 18. Bxd8 Rxd8 19. g3 Rh5 20. f4 Bc5+ 21. Kh1 Bh3 22. Re1 g5 23. Be2 g4 24. Rd1 Re8 25. e5 Bf2 26. Rd3 Rhxe5 27. fxe5 Rxe5 28. Rd2 Be1 29. Rc2 Rxd5 30. Na3 Bf2 31. Bxg4 1-0

[Event "Warsaw YMCA Spring-B 184th"]
[Site "Warsaw"]
[Date "2017.05.04"]
[Round "5"]
[White "Kalejta, Arkadiusz"]
[Black "Prus, Marek"]
[Result "1-0"]
[WhiteElo "1643"]
[BlackElo "1656"]
[PlyCount "97"]
[EventDate "2017.04.07"]
[EventType "tourn"]
[EventRounds "13"]
[EventCountry "POL"]
[SourceTitle "EXT 2018"]
[Source "ChessBase"]
[SourceDate "2017.10.13"]
[SourceVersion "1"]
[SourceVersionDate "2017.10.13"]
[SourceQuality "1"]

1. e4 e5 2. Nf3 Nc6 3. Bb5 Nge7 4. 0-0 g6 5. c3 Bg7 6. d4 exd4 7. cxd4 d5 8. exd5 Nxd5 9. Bg5 Qd6 10. Re1+ Be6 11. Nbd2 0-0 12. Ne4 Qb4 13. Bxc6 bxc6 14. Qc1 Rfe8 15. Qxc6 Rab8 16. Nc3 Qb6 17. Qa4 Qb4 18. Qc2 c6 19. Nxd5 Bxd5 20. Bd2 Qd6 21. Bc3 Qf4 22. Ne5 f6 23. Bd2 Qh4 24. Nf3 Qg4 25. h3 Qd7 26. Nh2 Kf7 27. Nf1 f5 28. Bf4 Rb4 29. Be5 Bxe5 30. dxe5 Be4 31. Qc3 Rd4 32. e6+ Rxe6 33. f3 Bd3 34. Rxe6 Kxe6 35. Re1+ Kf7 36. Rd1 Qd6 37. Ne3 c5 38. Qa3 a6 39. Qc3 f4 40. Ng4 g5 41. Qb3+ c4 42. Qb7+ Kg6 43. Re1 Bf5 44. Re7 Bd7 45. Ne5+ Kf6 46. Rxd7 Kxe5 47. Rxd6 Kxd6 48. Qb6+ Kd5 49. Qa5+ 1-0

[Event "Warsaw YMCA Summer-A 172nd"]
[Site "Warsaw"]
[Date "2016.07.26"]
[Round "6"]
[White "Praczukowski, Stanislaw"]
[Black "Prus, Marek"]
[Result "1-0"]
[WhiteElo "2072"]
[BlackElo "1663"]
[PlyCount "73"]
[EventDate "2016.07.01"]
[EventType "tourn"]
[EventRounds "11"]
[EventCountry "POL"]
[SourceTitle "EXT 2019"]
[Source "ChessBase"]
[SourceDate "2018.10.10"]
[SourceVersion "1"]
[SourceVersionDate "2018.10.10"]
[SourceQuality "1"]

1. e4 c5 2. Nf3 h6 3. Nc3 Nc6 4. d4 cxd4 5. Nxd4 e5 6. Ndb5 Bb4 7. a3 Bxc3+ 8. Nxc3 Nf6 9. Be3 d6 10. Be2 0-0 11. 0-0 Be6 12. Bf3 Rc8 13. Nd5 b6 14. c4 Bxd5 15. cxd5 Ne7 16. Qd3 Qd7 17. Rfc1 g5 18. g3 Qh3 19. Bg2 Qh5 20. h3 Qg6 21. Rxc8 Rxc8 22. Rd1 Nd7 23. Rc1 Rxc1+ 24. Bxc1 Nc5 25. Qc2 f5 26. f3 fxe4 27. fxe4 Qe8 28. b4 Qa4 29. Qe2 Nb3 30. Qd1 b5 31. Bb2 a5 32. Qg4 Nd4 33. Bxd4 exd4 34. Qe6+ Kf8 35. Qxh6+ Kf7 36. e5 dxe5 37. Qe6+ 1-0

[Event "Warsaw YMCA Winter 149th"]
[Site "Warsaw"]
[Date "2015.03.11"]
[Round "10"]
[White "Kokoszczynski, Jan"]
[Black "Prus, Marek"]
[Result "1-0"]
[WhiteElo "1765"]
[BlackElo "1656"]
[PlyCount "85"]
[EventDate "2015.01.07"]
[EventType "tourn"]
[EventRounds "13"]
[EventCountry "POL"]
[SourceTitle "EXT 2019"]
[Source "ChessBase"]
[SourceDate "2018.10.10"]
[SourceVersion "1"]
[SourceVersionDate "2018.10.10"]
[SourceQuality "1"]

1. e4 c5 2. Nf3 Nc6 3. Bb5 Nf6 4. e5 Nd5 5. 0-0 Nc7 6. Bxc6 dxc6 7. Nc3 Bg4 8. h3 Bxf3 9. Qxf3 Ne6 10. Ne2 Nd4 11. Nxd4 Qxd4 12. Re1 g6 13. c3 Qd5 14. Qxd5 cxd5 15. e6 fxe6 16. Rxe6 Kd7 17. Re2 Bg7 18. d3 e5 19. Bg5 Rhe8 20. Rae1 Re6 21. Bh4 Rae8 22. f3 h6 23. Bf2 b6 24. Bg3 R8e7 25. c4 d4 26. a3 a5 27. b4 axb4 28. axb4 g5 29. bxc5 bxc5 30. Ra2 Ke8 31. Ra8+ Kf7 32. Rc8 e4 33. fxe4 Be5 34. Bxe5 Rxe5 35. Rf1+ Kg6 36. Rc6+ R7e6 37. Rxe6+ Rxe6 38. Rf5 Rc6 39. Kf2 h5 40. Kf3 Rc7 41. g4 h4 42. e5 Rf7 43. Ke4 1-0

[Event "Warsaw YMCA Winter 149th"]
[Site "Warsaw"]
[Date "2015.01.14"]
[Round "2"]
[White "Prus, Marek"]
[Black "Bartczak, Hanna"]
[Result "0-1"]
[WhiteElo "1656"]
[BlackElo "1615"]
[PlyCount "58"]
[EventDate "2015.01.07"]
[EventType "tourn"]
[EventRounds "13"]
[EventCountry "POL"]
[SourceTitle "EXT 2019"]
[Source "ChessBase"]
[SourceDate "2018.10.10"]
[SourceVersion "1"]
[SourceVersionDate "2018.10.10"]
[SourceQuality "1"]

1. e4 c6 2. Nc3 d5 3. f4 dxe4 4. Nxe4 Nd7 5. Bc4 Ndf6 6. Nf2 e6 7. Nf3 Ne7 8. d4 Ned5 9. 0-0 Bd6 10. Nd3 0-0 11. c3 Qc7 12. Ng5 c5 13. Bxd5 Nxd5 14. Ne4 cxd4 15. Nxd6 Qxd6 16. cxd4 b6 17. Ne5 Bb7 18. f5 f6 19. Nd3 Ne7 20. fxe6 Qxe6 21. Re1 Qd7 22. Nf4 Kh8 23. Be3 Nf5 24. Bf2 g5 25. Nh5 Qd5 26. Qg4 Nh6 27. Qg3 Qf7 28. Qh3 Bc8 29. g4 Bxg4 0-1

[Event "Warsaw YMCA Winter 149th"]
[Site "Warsaw"]
[Date "2015.01.07"]
[Round "1"]
[White "Wrabel, Antoni"]
[Black "Prus, Marek"]
[Result "1/2-1/2"]
[WhiteElo "1705"]
[BlackElo "1656"]
[PlyCount "29"]
[EventDate "2015.01.07"]
[EventType "tourn"]
[EventRounds "13"]
[EventCountry "POL"]
[SourceTitle "EXT 2019"]
[Source "ChessBase"]
[SourceDate "2018.10.10"]
[SourceVersion "1"]
[SourceVersionDate "2018.10.10"]
[SourceQuality "1"]

1. e4 e5 2. Nf3 Nc6 3. Bb5 Nge7 4. 0-0 g6 5. c3 Bg7 6. d4 exd4 7. cxd4 d5 8. exd5 Nxd5 9. Re1+ Be6 10. Ne5 0-0 11. Nxc6 bxc6 12. Bxc6 Rb8 13. Nc3 Nb4 14. Be4 Bxd4 15. Qf3 1/2-1/2

[Event "Warsaw YMCA Spring-D 141st"]
[Site "Warsaw"]
[Date "2014.06.10"]
[Round "10"]
[White "Prus, Marek"]
[Black "Bartczak, Hanna"]
[Result "1/2-1/2"]
[WhiteElo "1648"]
[BlackElo "1577"]
[PlyCount "57"]
[EventDate "2014.04.08"]
[EventType "tourn"]
[EventRounds "11"]
[EventCountry "POL"]
[SourceTitle "EXT 2015"]
[Source "ChessBase"]
[SourceDate "2014.11.20"]
[SourceVersion "1"]
[SourceVersionDate "2014.11.20"]
[SourceQuality "1"]

1. e4 d6 2. d4 Nf6 3. Nc3 Nbd7 4. Be3 e5 5. Nf3 c6 6. Qd2 Be7 7. h3 Qc7 8. Bd3 0-0 9. 0-0-0 exd4 10. Nxd4 Nc5 11. f4 b5 12. e5 dxe5 13. fxe5 Nfd7 14. Bf4 Nxd3+ 15. Qxd3 b4 16. Ne4 Nxe5 17. Qg3 f6 18. Nf3 Qa5 19. Nxe5 fxe5 20. Bxe5 g6 21. Qb3+ Rf7 22. Nd6 Bxd6 23. Bxd6 Qg5+ 24. Kb1 Qxg2 25. Bxb4 Bf5 26. Rhe1 Rb8 27. Rd2 Qxh3 28. Qxh3 Bxh3 29. Bc3 1/2-1/2